000 00784nam a22001817a 4500
005 20231116103119.0
010 _aHIN-126281
020 _a9788195239214
_c280.00
035 _aHN-98627
037 _bDBAD/PUB
082 _a
100 _aकुलश्रेष्ठ ,नीलम
_958742
245 _aतरनेतर ने रे अमे मेंडे ग्याता/
_cनीलम कुलश्रेष्ठ
260 _a नई दिल्ली
_bवनिका पब्लिकेशन्स
_c2021
270 _aएन ए-168 ,गली नं -6, विष्णु गार्डन
_bनई दिल्ली
_e110018
300 _a136 पृष्ठ
_c21cm (अजिल्द)
942 _cHN
_h
_2ddc
_mकुलश्रे
999 _c199008
_d199008